000 00820pam a2200289 a 4500
999 _c5553
_d5553
001 5553
003 BD-JhCC
005 20171221091327.0
008 810611s1982 nyu 001 0 eng
020 _a0070415803
_c$25.00 (est.)
035 _a(BD-JhCC)5553
040 _aDLC
_cDLC
_dDLC
_dBD-JhCC
041 _aeng
050 0 0 _aHF5635
_b.M8754 1982
082 0 0 _a657/.044
_219
_bMOS 1982
100 1 _aMosich, A. N.
245 1 0 _aIntermediate accounting /
_cA.N. Mosich, E. John Larsen.
250 _a5th ed.
260 _aNew York :
_bMcGraw-Hill,
_cc1982.
300 _axxii, 1114 p. ;
_c25 cm.
500 _aFourth ed. by Walter B. Meigs, A.N. Mosich, Charles E. Johnson, c1978.
500 _aIncludes index.
650 0 _aAccounting.
700 1 _aLarsen, E. John.
942 _2ddc
_cBK